00686nam a2200205Ia 4500003000900000008004100009020001800050040001600068080001500084100002700099245011000126260004200236300001300278650004100291650001400332650002100346942000700367999001500374952009100389IN-BaIIA211028s9999 xx 000 0 eng d a90-277-1275-1 cIIA Library a523.9bSOL aBonnet, Roger M912171 0aSolar phenomena in stars and stellar systemscRoger M Bonnet  aDordrechtbD. Reidel Publishingc1981 ax, 591p. aAstronomy and astrophysics thesaurus aSun91200 aSun stars912172 cBK c7104d7104 00104070aBANbBANcGENd1982-06-02l0o523.9/ SOLp7886r2021-11-05w1982-06-02yBK